The Control of Asbestos at Work Regulations 2002 (Record no. 102999)
[ view plain ]
| 000 -LEADER | |
|---|---|
| fixed length control field | 01574cam a2200205 4500 |
| 008 - FIXED-LENGTH DATA ELEMENTS--GENERAL INFORMATION | |
| fixed length control field | #DATE n2002 000 0 eng u |
| 020 ## - INTERNATIONAL STANDARD BOOK NUMBER | |
| International Standard Book Number | 0110429184 |
| 035 ## - SYSTEM CONTROL NUMBER | |
| System control number | (Sirsi) u123085 |
| 041 ## - LANGUAGE CODE | |
| Language code of text/sound track or separate title | eng |
| 050 ## - LIBRARY OF CONGRESS CALL NUMBER | |
| Classification number | 549.66 |
| -- | 18 |
| 245 #4 - TITLE STATEMENT | |
| Title | The Control of Asbestos at Work Regulations 2002 |
| 260 ## - PUBLICATION, DISTRIBUTION, ETC. | |
| Place of publication, distribution, etc. | London |
| Name of publisher, distributor, etc. | HMSO |
| Date of publication, distribution, etc. | 2002 |
| 490 ## - SERIES STATEMENT | |
| Series statement | SI |
| Volume/sequential designation | 2002: 2675 |
| 520 ## - SUMMARY, ETC. | |
| Summary, etc. | Came into force on 21 November 2002 with the exception of Reg 4 (21 May 2004) and Reg 20 (21 November 2004). Modifies the Control of Asbestos at Work Regulations 1987 implementing several EC Directives relating to asbestos. Key modifications include: a duty to manage asbestos in non-domestic premises (Reg 4); a extension the matters to be considered when carrying out a risk assessment of the exposure to asbestos (Reg 6); the introduction of a duty on the employer to prepare procedures, provide information and establish warning systems to deal with a workplace emergency involving an asbestos incident (Reg 14); air monitoring (Reg 18); and the extension of the duties on employers with respect to health records and medical surveillance where an employee is found to have an identifiable disease or adverse health effect caused by exposure to asbestos at work. View at www.hsmo.gov.uk. |
| 650 ## - SUBJECT ADDED ENTRY--TOPICAL TERM | |
| Topical term or geographic name entry element | MANAGEMENT-HEALTH AND SAFETY-HAZARDOUS SUBSTANCES-ASBESTOS |
| 650 ## - SUBJECT ADDED ENTRY--TOPICAL TERM | |
| Topical term or geographic name entry element | CONTROL OF ASBESTOS AT WORK REGULATIONS 2002 |
| 690 ## - LOCAL SUBJECT ADDED ENTRY--TOPICAL TERM (OCLC, RLIN) | |
| Topical term or geographic name as entry element | HEALTH AND SAFETY |
| 9 (RLIN) | 6244 |
| 856 ## - ELECTRONIC LOCATION AND ACCESS | |
| Uniform Resource Identifier | <a href="https://www.legislation.gov.uk/uksi/2002/2675/contents/made">https://www.legislation.gov.uk/uksi/2002/2675/contents/made</a> |
| Hours access method available | View the Regulations at www.legislation.gov.uk. |
| 942 ## - ADDED ENTRY ELEMENTS (KOHA) | |
| Suppress in OPAC | 0 |
| Withdrawn status | Lost status | Source of classification or shelving scheme | Damaged status | Not for loan | Home library | Current library | Shelving location | Date acquired | Total Checkouts | Full call number | Barcode | Date last seen | Copy number | Price effective from | Koha item type |
|---|---|---|---|---|---|---|---|---|---|---|---|---|---|---|---|
| Dewey Decimal Classification | Virtual | Virtual | Online | 22/07/2003 | ONLINE PUBLICATION | 123085-1001 | 06/08/2019 | 1 | 06/08/2019 | Book |